000 00720nam a2200265Ia 4500
005 20260121171950.0
008 008 260114s9999 xx 000 0 eng d
020 _a9783030532734
037 _aEBOOK
040 _aCRL
040 _beng
040 _cCRL
041 _2eng
041 _aeng
084 _qCRL
100 _aCarolina Metzler, Pierre-Emmanuel Gaillardon, Giovanni De Micheli, Carlos Silva-Cardenas, Ricardo Reis
_91082640
245 0 _aVLSI-SoC: New Technology Enabler
260 _bSpringer
260 _bSpringer
260 _c2020
856 _uhttps://link.springer.com/openurl?genre=book&isbn=978-3-030-53273-4
942 _cEBOOK
999 _c1648373
_d1648373